| 000 | 01000nam a22002537a 4500 | ||
|---|---|---|---|
| 999 |
_c12493 _d12493 |
||
| 003 | AR-CdUCM | ||
| 008 | 190409b ||||| |||| 00| 0 spa d | ||
| 020 | _a9972-691-50-0 | ||
| 040 |
_aMUNICIPALIDAD PROVINCIAL DEL CUSCO _cBIBLIOTECA MUNICIPAL DEL CUSCO |
||
| 082 |
_aC / 985.61 / _bP699 |
||
| 110 |
_aCODECA _930355 |
||
| 245 | _aPlan estratégico de desarrollo de la provincia de calca al 2012 / | ||
| 260 |
_aCuzco : _bCentro Bartolomé de las Casas, _c2002. |
||
| 300 |
_a300 páginas ; _bGráficos, ilustraciones, fotografías _c30 cm. |
||
| 440 |
_aEstudios Municipales _n6 _930356 |
||
| 500 | _aMunicipalidades distritales de Coya, Lamay, Lares, Pisac, San Salvador, Taray y Yanatile. | ||
| 505 | _aContenido: Recursos Naturales -- Aspectos sociales -- Vivienda y servicios básicos ... | ||
| 650 |
_aCusco _9772 |
||
| 650 |
_aSociedades _92772 |
||
| 650 |
_aDesarrollo _92021 |
||
| 710 |
_aMunicipalidad provincial de Calca _930357 |
||
| 942 |
_2ddc _cLIBROS |
||
| 945 |
_acmm _d2019-04-09 |
||